Capitales avec un nom comportant le plus de B, de C etc... - Statistiques

Statistiques générales
  • Ce quiz a été pris 77 fois
  • Le résultat moyen est 36 sur 69
Statistiques - réponses
Hint Réponse % Correct
3N Antananarivo
73%
2N Lisbonne
73%
2L Bruxelles
72%
2T Ottawa
72%
2S Buenos Aires
70%
2L Wellington
70%
2L & 2Z Brazzaville
69%
2D Bagdad
67%
2R Canberra
67%
2S Yamoussoukro
67%
2C Caracas
66%
2J Ljubljana
66%
2D Madrid
66%
2N Vienne
66%
2L Libreville
64%
2L Manille
64%
2L & 2N Tallinn
64%
2V Varsovie
64%
2G Pyongyang
63%
2K Reykjavik
61%
3L & 2R Andorre-la-Vieille
59%
2B Abou Dabi
58%
2B & 2D Addis Abeba
58%
2K Bangkok
58%
2D Dodoma
58%
2L Kuala Lumpur
58%
2B 2N & 2R Bandar Seri Begawan
56%
2N Saint-Marin
56%
2S Tbilissi
56%
2M Amsterdam
55%
2K Bichkek
55%
2C Dacca
55%
2T La Valette
55%
2S Nassau
55%
2N Phnom Penh
55%
2S San Salvador
55%
2F Funafuti
53%
2G Ouagadougou
52%
2R Paramaribo
52%
2R Port au Prince
52%
2R Port Moresby
52%
3R & 2T Sri Jayawardenapura Kotte
52%
2G Georgetown
50%
2M Manama
50%
2N & 2S Saint John's
50%
2B Mbabane
48%
2T Nouakchott
48%
2G & 2S Saint-Georges
48%
2G Tegucigalpa
48%
2S Kinshasa
47%
2N Saint-Domingue
47%
2M Amman
45%
2N Asuncion
45%
2N Vientiane
45%
2C Accra
44%
2H Thimphou
44%
2R & 2S Basseterre
42%
2G Gitega
42%
2N Kingston
42%
2N Kingstown
42%
2S Castries
41%
2R Harare
39%
2N N Djamena
39%
2S Bissau
36%
2R Pretoria
28%
2N Bloemfontein
17%
2B Bujumbura
14%
2S Dar es Salam
9%
2K Melekoek
5%
Aucun quiz correspondant
Distribution des résultats
% des personnes avec chaque résultat
Percentile par nombre de réponses
Votre historique - résultats
Vous n’avez pas pris ce quiz